| 000 | 01091nam a2200241Ia 4500 | ||
|---|---|---|---|
| 003 | Ost | ||
| 005 | 20260507075645.0 | ||
| 008 | 260507s9999||||xx |||||||||||||| ||und|| | ||
| 020 | _a8543249970 | ||
| 040 | _cfsecg | ||
| 041 | _aara | ||
| 082 | _a658.92 | ||
| 100 |
_aكيلادا، جوزيف _eمؤلف |
||
| 245 | 0 |
_aتكاليف إعادة الهندسة مع إدارة الجودة الشاملة / _c جوزيف كيلادا |
|
| 260 |
_aالرياض: _bدار المريخ, _c2003 |
||
| 300 |
_a219 صفحة؛ _bإيضاحات ؛ _c24 سم |
||
| 520 | _aأساس الجودة الشاملة ، الإدارة التقليدية وإدارة الجودة الشاملة، تحسين المستمر وإعادة الهندسة، إدارة الجودة الشاملة في الخدمات ، كيفية تنفيذ الإدارة الشاملة ، ممارسة إدارة الجودة | ||
| 653 | _aادارة | ||
| 653 | _aإدارة الجودة | ||
| 653 | _aالتكلفة | ||
| 700 |
_aسرور، سرور علي ابراهيم _eمؤلف ثانوي |
||
| 942 | _cكتاب | ||
| 999 |
_c45474 _d45474 |
||